| 000 | 00952nam a2200253Ia 4500 | ||
|---|---|---|---|
| 008 | 130821s2001 xxua gr eng | ||
| 020 | _a1856498980 | ||
| 040 |
_aCo-BoUCM _bspa |
||
| 041 | 0 | 0 | _aeng |
| 245 | 0 | 0 |
_aVictims, perpetrators or actors? gender, armed conflict and political violence _cCaroline O.N. Moser y Fiona Clark, editor |
| 260 |
_aNueva York (Estados Unidos) _bZed Books _c2001 |
||
| 300 |
_axi, 243 páginas _bilustraciones |
||
| 504 | _aIncluye bibliografía e índice. | ||
| 650 | 0 | 4 |
_aConflicto armado _vAspectos sociales _911564 |
| 650 | 0 | 4 |
_aRoles sexuales _923839 |
| 650 | 0 | 4 |
_aTerrorismo _925425 |
| 650 | 0 | 4 |
_aViolencia política _926287 |
| 650 | 0 | 4 |
_aViolencia _9422 |
| 700 | 1 |
_aClark, Fiona C. _d1975- _9165372 |
|
| 700 | 1 |
_aMoser, Caroline O. N. _938823 |
|
| 856 | 4 | 1 |
_3Contenido _uhttp://www.loc.gov/catdir/toc/hol051/00067459.html |
| 942 |
_cLIBRO _2DEWEY _a5 _e1 _h303.6 _mV642 |
||
| 999 |
_c61147 _d61147 |
||